Novely zákona o trojdani sú k daňovníkom zhovievavejšie

Zákon o trojdani upravujúci daň z dedičstva, darovania a prevodu a prechodu nehnuteľností je prospešný pre daňovníkov, ale aj správcov dane. Zjednodušenie výpočtu. Sankcia nie je automatická. Termín splatnosti dane. Zníženie penále za oneskorené zaplatenie dane.

Guardado en:
Detalles Bibliográficos
Autor principal: Mäsiarová, Terézia
Formato: Capítulo de libro
Lenguaje:eslovaco
Materias:
Etiquetas: Agregar Etiqueta
Sin Etiquetas, Sea el primero en etiquetar este registro!

MARC

LEADER 00000naa a2200000 4500
001 r048338
005 20230921114622.9
041 0 |a slo 
044 |a SK 
245 1 0 |a Novely zákona o trojdani sú k daňovníkom zhovievavejšie  |c Terézia Mäsiarová 
520 |a Zákon o trojdani upravujúci daň z dedičstva, darovania a prevodu a prechodu nehnuteľností je prospešný pre daňovníkov, ale aj správcov dane. Zjednodušenie výpočtu. Sankcia nie je automatická. Termín splatnosti dane. Zníženie penále za oneskorené zaplatenie dane. 
610 2 0 |a dane 
610 2 0 |a dane z dedičstva 
610 2 0 |a dane z darovania 
610 2 0 |a dane z prevodu a prechodu nehnuteľností 
610 2 0 |a sankcie 
610 2 0 |a penále 
610 2 0 |a zákony 
610 2 0 |a novelizácia 
100 1 |a Mäsiarová, Terézia